000 00831nas a2200265 4500
001 BR0801358
003 BR-BrBNA
005 20231205111651.0
007 ta
008 230509b bl.|||p| |||| 00| 00por d
040 _aBR-BrBNA
_bpor
_cBiblioteca Nacional de Agricultura
041 _a(Pt)
072 _aL40
100 1 _aMatos, E.
100 1 _aMatos, P.
100 1 _aCasal, G.
100 1 _aAzevedo, C.
245 1 _aAspectos ultraestruturais do espermatozóide de Natica Marochiensish (Gmelin)(Mollusca, Gastropoda)do litoral norte do Brasil
650 _aMORFOLOGIA ANIMAL
650 _aESPERMATOZÓIDE
650 _aMOLUSCO
773 0 _tRevista Brasileira de Zoologia (Brazil)
_xISSN 0101-8175
_g(Set 1997), v. 14(3) p. 589-594
_wBR0801358
909 _a202311
_bLúcia
_c55
_dLúcia Elande
942 _2AGRIS
_n0
_cANA
999 _c193847
_d193847